| 000 | 01009nam a22003490a 4500 | ||
|---|---|---|---|
| 001 | PT49504 | ||
| 003 | AR-LpoUNG | ||
| 005 | 20210131231305.0 | ||
| 008 | 191001s2008||||ng |||||||||||||||||eng d | ||
| 020 |
_a9789027215710 _c$36 |
||
| 040 |
_aAR-LpoUNG _bspa _cAR-LpoUNG _eaacr |
||
| 041 | _aeng | ||
| 044 | _ang | ||
| 082 | 0 | _a425 631cur | |
| 100 | 1 |
_aGómez González, María de los Ángeles _eed. |
|
| 245 | 1 | 0 |
_aCurrent trends in contrastive linguistics : _bfunctional and cognitive perspectives |
| 250 | _a1ra. ed. | ||
| 260 |
_aAmsterdam : _bJohn Benjamins, _c2008. |
||
| 300 |
_axxi, 333 p. : _bil., gráfs. |
||
| 650 | 4 | _aANALISIS COMPARATIVO | |
| 650 | 4 | _aGRAMATICA | |
| 650 | 4 | _aLENGUA ESPAÑOLA | |
| 650 | 4 | _aLENGUA INGLESA | |
| 650 | 4 | _aLENGUA INGLESA | |
| 650 | 4 | _aLINGUISTICA | |
| 650 | 4 | _aSEMANTICA | |
| 651 | 4 | _aDOCUMENTOS TEORICOS O METODOLOGICOS | |
| 700 | 1 |
_aGonzález Álvarez, Elsa M. _eed. |
|
| 700 | 1 |
_aLachlan Mackenzie, J. _eed. |
|
| 905 | _a49504 | ||
| 942 | _cLIB | ||
| 999 |
_c9181 _d9181 |
||